[Event "Open SSC Rostock 07 - 2009"]
[Site "Rostock"]
[Date "2009.08.28"]
[Round "4.26"]
[White "Goldmund, Heike"]
[Black "Feilcke, Samuel"]
[Result "0-1"]
[WhiteElo "1027"]
[BlackElo "941"]
[PlyCount "104"]
[EventDate "2009.08.27"]
[EventType "swiss"]
[EventRounds "7"]
[EventCountry "GER"]
[Source "Th. Schwetlick"]
[SourceDate "2009.08.27"]
[WhiteTeam "SV Wartburgstadt Eisenach"]

1. b4 e5 2. Bb2 d6 3. e3 Bf5 4. d3 Nd7 5. Be2 Ngf6 6. Nf3 Bg4 7. Nbd2 g6 8. O-O
Bg7 9. a3 Nh5 10. c4 Nhf6 11. Qc2 Qe7 12. Rfe1 Bh6 13. h3 Bh5 14. a4 c6 15. Qb3
O-O 16. b5 Rfb8 17. Qc2 d5 18. Ba3 Qe6 19. Bb2 Bg7 20. d4 e4 21. Ne5 Bxe2 22.
Nxd7 Bd3 23. Nc5 Bxc2 24. Nxe6 fxe6 25. Rec1 Bd3 26. Nb3 Nd7 27. Nd2 c5 28. f3
a6 29. fxe4 dxe4 30. Ba3 Rf8 31. Nb3 b6 32. Bb2 a5 33. Ra2 Rf7 34. dxc5 Bxb2
35. Rxb2 Nxc5 36. Nxc5 bxc5 37. Rf2 Rxf2 38. Kxf2 Rf8+ 39. Ke1 Bf1 40. Rd1 Bd3
41. Kd2 Rf2+ 42. Kc3 Rxg2 43. b6 Rf2 44. Rd2 Rf8 45. Rb2 Rb8 46. Rb5 Kf7 47. b7
Ke8 48. Rxc5 Rxb7 49. Rxa5 Rc7 50. c5 Kd7 51. Kb4 h5 52. Ra6 Bxa6 0-1

[Event "Open SSC Rostock 07 - 2009"]
[Site "Rostock"]
[Date "2009.08.29"]
[Round "5.1"]
[White "Tomczak, Rafal"]
[Black "Szelag, Marcin"]
[Result "0-1"]
[WhiteElo "2345"]
[BlackElo "2466"]
[PlyCount "106"]
[EventDate "2009.08.27"]
[EventType "swiss"]
[EventRounds "7"]
[EventCountry "GER"]
[Source "Th. Schwetlick"]
[SourceDate "2009.08.27"]
[WhiteTeam "SSC Rostock 07"]
[BlackTeam "SSC Rostock 07"]

1. e4 c5 2. Nf3 d6 3. c3 Nf6 4. d3 e6 5. Bg5 Be7 6. Nbd2 Nc6 7. Be2 O-O 8. O-O
d5 9. Re1 h6 10. Bh4 b6 11. Bf1 Bb7 12. Qc2 Re8 13. Rad1 Rc8 14. h3 Qd7 15. Bg3
b5 16. d4 cxd4 17. Bxb5 dxc3 18. bxc3 Nb4 19. Bxd7 Nxc2 20. Bxc8 Rxc8 21. Rb1
Nxe1 22. Rxb7 Nxf3+ 23. gxf3 Bc5 24. Be5 Bb6 25. a4 dxe4 26. fxe4 Rd8 27. Nc4
Nxe4 28. Nxb6 axb6 29. Rxb6 Rd5 30. Rb5 Nc5 31. f4 f6 32. Bd4 Nxa4 33. Rb8+ Kf7
34. Rb7+ Kg6 35. Re7 Nc5 36. Kg2 Nd3 37. Kf3 Kf5 38. Be3 g5 39. c4 Ra5 40. fxg5
hxg5 41. Rc7 Ne5+ 42. Kg2 Ra2+ 43. Kg3 Ra3 44. Kf2 Ke4 45. Bb6 Rxh3 46. c5 Rc3
47. Rc8 f5 48. Kg2 Rc2+ 49. Kh1 Nf3 50. Rh8 g4 51. Rh6 Rc1+ 52. Kg2 Rg1+ 53.
Kf2 g3+ 0-1

[Event "Open SSC Rostock 07 - 2009"]
[Site "Rostock"]
[Date "2009.08.29"]
[Round "5.2"]
[White "Tomczak, Jacek"]
[Black "Steinhagen, Bernd"]
[Result "1-0"]
[WhiteElo "2447"]
[BlackElo "2318"]
[PlyCount "85"]
[EventDate "2009.08.27"]
[EventType "swiss"]
[EventRounds "7"]
[EventCountry "GER"]
[Source "Th. Schwetlick"]
[SourceDate "2009.08.27"]
[WhiteTeam "SSC Rostock 07"]
[BlackTeam "SC Rotation Pankow"]

1. e4 c5 2. Nf3 e6 3. d4 cxd4 4. Nxd4 Nf6 5. Nc3 Nc6 6. Nxc6 bxc6 7. e5 Nd5 8.
Ne4 Ba6 9. Bxa6 Qa5+ 10. Bd2 Qxa6 11. b3 Be7 12. c4 f5 13. cxd5 fxe4 14. d6 Bd8
15. Qg4 Ba5 16. Qxe4 O-O 17. b4 Bb6 18. f4 c5 19. Qe2 c4 20. Rf1 Bd4 21. Rc1
Rac8 22. Bc3 Qb6 23. a3 a5 24. bxa5 Bxc3+ 25. Rxc3 Qb1+ 26. Kf2 Rxf4+ 27. Rf3
Qf5 28. Rxf4 Qxf4+ 29. Kg1 Qd4+ 30. Qf2 Qxf2+ 31. Kxf2 Rc5 32. Rc1 Kf7 33. a6
Rxe5 34. Rxc4 Ra5 35. Rc7 Rxa6 36. Rxd7+ Kf6 37. Rd8 Kf7 38. d7 Rd6 39. a4 g6
40. Rh8 Rxd7 41. Rxh7+ Ke8 42. Rxd7 Kxd7 43. Ke3 1-0

[Event "Open SSC Rostock 07 - 2009"]
[Site "Rostock"]
[Date "2009.08.29"]
[Round "5.3"]
[White "Schulz, Michael"]
[Black "Friedel, Marcus"]
[Result "1/2-1/2"]
[WhiteElo "2268"]
[BlackElo "2142"]
[PlyCount "91"]
[EventDate "2009.08.27"]
[EventType "swiss"]
[EventRounds "7"]
[EventCountry "GER"]
[Source "Th. Schwetlick"]
[SourceDate "2009.08.27"]
[WhiteTeam "SC Zitadelle Spandau 1977"]
[BlackTeam "SK 1926 Ettlingen"]

1. d4 d5 2. Bg5 h6 3. Bh4 c6 4. Nd2 Qb6 5. e3 Bf5 6. Qc1 Nd7 7. Ngf3 e6 8. c4
Be7 9. Bg3 Qd8 10. Ne5 Ngf6 11. Be2 O-O 12. O-O Rc8 13. Nxd7 Nxd7 14. c5 Bf6
15. Bd6 Be7 16. Bg3 Bf6 17. f4 b6 18. b4 bxc5 19. bxc5 Qa5 20. Nb3 Qa4 21. Qd2
Bd8 22. Be1 Nf6 23. Qd1 Rb8 24. g4 Be4 25. Bh4 Nxg4 26. Bxg4 Bxh4 27. Be2 Qa3
28. Bd3 Bxd3 29. Qxd3 a5 30. Nc1 Qxd3 31. Nxd3 Bf6 32. Rab1 Rfc8 33. Rb6 Bd8
34. Rxb8 Rxb8 35. Ne5 Rc8 36. Rb1 Bf6 37. Nd7 Bd8 38. Rb8 Rxb8 39. Nxb8 Bc7 40.
Nxc6 Kf8 41. a4 Ke8 42. Na7 Kd7 43. Nb5 Bd8 44. Kg2 Be7 45. Kf3 f5 46. h3
1/2-1/2

[Event "Open SSC Rostock 07 - 2009"]
[Site "Rostock"]
[Date "2009.08.29"]
[Round "5.4"]
[White "Welz, Peter"]
[Black "Duester, Christian"]
[Result "0-1"]
[WhiteElo "2101"]
[BlackElo "2240"]
[PlyCount "92"]
[EventDate "2009.08.27"]
[EventType "swiss"]
[EventRounds "7"]
[EventCountry "GER"]
[Source "Th. Schwetlick"]
[SourceDate "2009.08.27"]
[WhiteTeam "SV Empor Berlin"]
[BlackTeam "SC Rotation Pankow"]

1. e4 e5 2. Nf3 Nc6 3. d4 exd4 4. Nxd4 Nf6 5. Nxc6 bxc6 6. Bd3 d6 7. O-O g6 8.
Re1 Bg7 9. Nc3 O-O 10. Bg5 Be6 11. Qf3 h6 12. Bh4 g5 13. Bg3 g4 14. Qe3 Nh5 15.
Rad1 Qg5 16. Qxg5 hxg5 17. Na4 Rab8 18. b3 c5 19. c4 Nxg3 20. hxg3 Bd7 21. Bc2
Bd4 22. Rb1 f5 23. exf5 Bxf5 24. Bxf5 Rxf5 25. Re2 Rbf8 26. Rf1 Re5 27. Rc2
Rfe8 28. Nc3 c6 29. Nd1 Kg7 30. Rd2 R5e6 31. Ne3 Rxe3 32. Rxd4 cxd4 33. fxe3
dxe3 34. Re1 d5 35. cxd5 cxd5 36. Kf1 d4 37. Ke2 Kf6 38. Kd3 Ke5 39. Rc1 Kd5
40. b4 e2 41. Re1 Re3+ 42. Kd2 Kc4 43. Rxe2 Rxe2+ 44. Kxe2 Kxb4 45. Kd3 Kc5 46.
a4 a5 0-1

[Event "Open SSC Rostock 07 - 2009"]
[Site "Rostock"]
[Date "2009.08.29"]
[Round "5.5"]
[White "Peschel, Andreas"]
[Black "Kugler, Florian"]
[Result "1/2-1/2"]
[WhiteElo "2191"]
[BlackElo "2042"]
[PlyCount "106"]
[EventDate "2009.08.27"]
[EventType "swiss"]
[EventRounds "7"]
[EventCountry "GER"]
[Source "Th. Schwetlick"]
[SourceDate "2009.08.27"]
[WhiteTeam "SG Solingen"]
[BlackTeam "SC Neukloster"]

1. d4 Nf6 2. c4 g6 3. Nc3 d5 4. cxd5 Nxd5 5. e4 Nxc3 6. bxc3 Bg7 7. Bc4 O-O 8.
Ne2 c5 9. Be3 Nc6 10. Rc1 Na5 11. Bd3 cxd4 12. cxd4 b6 13. O-O Bb7 14. d5 e6
15. dxe6 fxe6 16. Nf4 Qd6 17. Qg4 Rxf4 18. Bxf4 Qxd3 19. Qxe6+ Kh8 20. Rc7 Qxe4
21. Qxe4 Bxe4 22. Re1 Bf5 23. Ree7 Bd4 24. Rxh7+ Kg8 25. Rhe7 Bf6 26. Re1 Bd4
27. Bh6 Bc5 28. h3 Bd6 29. Rg7+ Kh8 30. g4 Bf8 31. Rf7 Bxh6 32. gxf5 gxf5 33.
Ree7 Rg8+ 34. Kf1 Rg7 35. Rxa7 Kh7 36. Ke2 Kg6 37. Rxg7+ Bxg7 38. Kd3 Bf8 39.
Rd7 Bc5 40. Ke2 Nc6 41. Rd1 Kg5 42. Kf3 Nd4+ 43. Kg2 f4 44. f3 Nf5 45. Rd3 Be3
46. Rd5 Kf6 47. Kf1 Ke6 48. Rd8 Nd4 49. Kg2 Nc2 50. Kf1 Kf6 51. Rg8 Kf7 52. Rg4
Nd4 53. Kg2 Nf5 1/2-1/2

[Event "Open SSC Rostock 07 - 2009"]
[Site "Rostock"]
[Date "2009.08.29"]
[Round "5.6"]
[White "Kathstede, Gerd"]
[Black "Wolke, Heiko"]
[Result "1-0"]
[WhiteElo "2147"]
[BlackElo "2012"]
[PlyCount "77"]
[EventDate "2009.08.27"]
[EventType "swiss"]
[EventRounds "7"]
[EventCountry "GER"]
[Source "Th. Schwetlick"]
[SourceDate "2009.08.27"]
[WhiteTeam "Hervest-Dorstener SK"]
[BlackTeam "SF Ostsee Warnemuende"]

1. e4 c6 2. d4 d5 3. exd5 cxd5 4. Bd3 Nc6 5. c3 Nf6 6. Bf4 Bg4 7. Qb3 Qc8 8.
Nd2 e6 9. Ngf3 Be7 10. O-O O-O 11. Rae1 a6 12. Ne5 Nxe5 13. Bxe5 Nd7 14. Qc2 g6
15. Bf4 Bf6 16. h3 Bf5 17. Bxf5 gxf5 18. Qd1 Bg7 19. Qh5 Qd8 20. Bg5 Qb6 21.
Re3 f6 22. Bh6 Rf7 23. Rg3 Nf8 24. b3 Ng6 25. Re1 Bxh6 26. Qxh6 Rg7 27. h4 Qc7
28. Rxe6 f4 29. Rf3 Qd7 30. Rxf6 Qe7 31. Qg5 Qe1+ 32. Nf1 Qe4 33. Rd6 Nxh4 34.
Qxh4 Qxf3 35. Rd8+ Kf7 36. Rd7+ Ke6 37. Rxg7 Qxc3 38. Qe7+ Kf5 39. Rg5# 1-0

[Event "Open SSC Rostock 07 - 2009"]
[Site "Rostock"]
[Date "2009.08.29"]
[Round "5.7"]
[White "Kliewe, Hans Juergen"]
[Black "Pererva, Viktor"]
[Result "1-0"]
[WhiteElo "2120"]
[BlackElo "1637"]
[PlyCount "75"]
[EventDate "2009.08.27"]
[EventType "swiss"]
[EventRounds "7"]
[EventCountry "GER"]
[Source "Th. Schwetlick"]
[SourceDate "2009.08.27"]
[WhiteTeam "ASV Gruen-Weiss Wismar"]
[BlackTeam "SSC Rostock 07"]

1. d4 d5 2. Nf3 Nf6 3. Bf4 e6 4. e3 Bd6 5. Ne5 Nbd7 6. Nd2 O-O 7. Bd3 Re8 8.
O-O Nf8 9. Bg3 c5 10. c3 c4 11. Bc2 Qc7 12. f4 b5 13. a3 Bb7 14. Bh4 Ne4 15.
Rf3 f6 16. Ng4 e5 17. Nxe4 dxe4 18. Rg3 Ng6 19. dxe5 fxe5 20. f5 Nxh4 21. Nf6+
Kh8 22. Nxe8 Rxe8 23. Qh5 Rd8 24. Qxh4 Be7 25. Qg4 Bf6 26. Rd1 Rxd1+ 27. Qxd1
h6 28. Rh3 Qc8 29. g4 Bg5 30. Qd6 Qe8 31. Kf1 Bc6 32. Ke2 Bb7 33. Rg3 Bc6 34.
Rg1 a6 35. Rd1 Kh7 36. Qc5 h5 37. h3 h4 38. Rd6 1-0

[Event "Open SSC Rostock 07 - 2009"]
[Site "Rostock"]
[Date "2009.08.29"]
[Round "5.8"]
[White "Leisner, Hannes"]
[Black "Zentgraf, Robert"]
[Result "1/2-1/2"]
[WhiteElo "2021"]
[BlackElo "2119"]
[PlyCount "84"]
[EventDate "2009.08.27"]
[EventType "swiss"]
[EventRounds "7"]
[EventCountry "GER"]
[Source "Th. Schwetlick"]
[SourceDate "2009.08.27"]
[WhiteTeam "Greifswalder SV"]
[BlackTeam "SAV Torgelow-Droegeheide"]

1. e4 c5 2. Nf3 d6 3. d4 cxd4 4. Qxd4 Nc6 5. Bb5 Bd7 6. Bxc6 Bxc6 7. Nc3 Nf6 8.
Bg5 Qb6 9. Qd3 h6 10. Bxf6 gxf6 11. Nd4 e6 12. O-O-O Be7 13. f4 Bd7 14. Ndb5
Bxb5 15. Qxb5+ Qc6 16. Kb1 a6 17. Qb3 b5 18. Rhe1 Rc8 19. Rd4 Qb6 20. Red1 Rc6
21. f5 Kd7 22. Rb4 Rhc8 23. a4 Rc4 24. axb5 Rxb4 25. Qxb4 Rb8 26. fxe6+ fxe6
27. Na4 Qxb5 28. Nc5+ Kc8 29. Qxb5 Rxb5 30. Nxe6 Re5 31. Nd4 Rxe4 32. Rd3 Kd7
33. Nf5 Ke6 34. Nxe7 Kxe7 35. Rh3 Re1+ 36. Ka2 Re2 37. g4 Rxc2 38. Rxh6 Rg2 39.
h3 Rg3 40. Kb1 Ke6 41. Rh5 d5 42. Kc2 Kd6 1/2-1/2

[Event "Open SSC Rostock 07 - 2009"]
[Site "Rostock"]
[Date "2009.08.29"]
[Round "5.9"]
[White "Stiefel, Roland"]
[Black "Weber, Max"]
[Result "1-0"]
[WhiteElo "2073"]
[BlackElo "1894"]
[PlyCount "101"]
[EventDate "2009.08.27"]
[EventType "swiss"]
[EventRounds "7"]
[EventCountry "GER"]
[Source "Th. Schwetlick"]
[SourceDate "2009.08.27"]
[WhiteTeam "ZSG Gruen-Weiss Waltershausen"]
[BlackTeam "SSC Rostock 07"]

1. e4 e6 2. Nf3 d5 3. e5 c5 4. b4 cxb4 5. d4 Nc6 6. a3 Qa5 7. Bd2 Nge7 8. c3
Nf5 9. Bd3 Be7 10. Bxf5 exf5 11. Qb3 Be6 12. cxb4 Qb6 13. Qd3 a5 14. b5 Na7 15.
Nc3 O-O 16. Rb1 Rfc8 17. Na4 Qd8 18. O-O Bd7 19. Nc3 Be6 20. b6 Nc6 21. Nb5 Qd7
22. Rfc1 f4 23. Qb3 Bf5 24. Nc7 Bxb1 25. Nxa8 Rxa8 26. Rxb1 g5 27. Qd3 Rc8 28.
h3 h6 29. Nh2 Kg7 30. Rb5 Bd8 31. Nf3 Ra8 32. Qb3 a4 33. Qa2 Ne7 34. Qb2 Nf5
35. Rc5 Rc8 36. Qc2 Ne7 37. Ba5 Rc6 38. Qxa4 Qc8 39. Qb5 Qe6 40. a4 Kf8 41. Nd2
g4 42. hxg4 Qxg4 43. Rxc6 Nxc6 44. Qxd5 Qd1+ 45. Nf1 Qxa4 46. Qd6+ Kg7 47. Bc3
Qc4 48. Ba1 Be7 49. Qd7 Bb4 50. e6 Ne7 51. d5+ 1-0

[Event "Open SSC Rostock 07 - 2009"]
[Site "Rostock"]
[Date "2009.08.29"]
[Round "5.10"]
[White "Schreiber, Kevin"]
[Black "Hamann, Dirk"]
[Result "1/2-1/2"]
[WhiteElo "1593"]
[BlackElo "2048"]
[PlyCount "59"]
[EventDate "2009.08.27"]
[EventType "swiss"]
[EventRounds "7"]
[EventCountry "GER"]
[Source "Th. Schwetlick"]
[SourceDate "2009.08.27"]
[WhiteTeam "SC Mecklenburger Springer"]
[BlackTeam "SF Ostsee Warnemuende"]

1. d4 Nf6 2. Bf4 g6 3. e3 Bg7 4. Nf3 O-O 5. Be2 d5 6. h3 c5 7. c3 b6 8. Nbd2
Nc6 9. O-O Bb7 10. Ne5 Nd7 11. Nxc6 Bxc6 12. Bh2 e5 13. Nf3 e4 14. Nd2 c4 15.
f3 f5 16. fxe4 fxe4 17. Bf4 Qe7 18. Qe1 Rf6 19. Qh4 h6 20. Qg4 g5 21. Bg3 Raf8
22. h4 Rxf1+ 23. Rxf1 Nf6 24. Qf5 Nh5 25. Qg4 Nxg3 26. Qxg3 Rxf1+ 27. Nxf1 gxh4
28. Qf4 Bf8 29. Qf5 Qf7 30. Qg4+ 1/2-1/2

[Event "Open SSC Rostock 07 - 2009"]
[Site "Rostock"]
[Date "2009.08.29"]
[Round "5.11"]
[White "Porsch, Harald"]
[Black "Erich, Juergen"]
[Result "1/2-1/2"]
[WhiteElo "2196"]
[BlackElo "1873"]
[PlyCount "120"]
[EventDate "2009.08.27"]
[EventType "swiss"]
[EventRounds "7"]
[EventCountry "GER"]
[Source "Th. Schwetlick"]
[SourceDate "2009.08.27"]
[WhiteTeam "SC Rotation Pankow"]
[BlackTeam "TSV Travemuende von 1860"]

1. d4 Nf6 2. c4 e6 3. Nc3 d5 4. Bg5 Nbd7 5. e3 Bb4 6. a3 Bxc3+ 7. bxc3 c5 8.
cxd5 exd5 9. Bd3 O-O 10. Ne2 Re8 11. O-O c4 12. Bc2 Nf8 13. f3 Ng6 14. e4 h6
15. Bxf6 Qxf6 16. Qd2 Qg5 17. f4 Qh5 18. Ng3 Qh4 19. e5 Bd7 20. Rae1 Nf8 21. f5
b5 22. Rf4 Qg5 23. Ref1 a5 24. Ne2 h5 25. Bb1 Rab8 26. Qe1 b4 27. cxb4 axb4 28.
axb4 Rb6 29. h4 Qh6 30. Nc3 Rxb4 31. Nxd5 Rb2 32. Be4 Bc6 33. Qc3 Rbb8 34. R4f3
Bxd5 35. Bxd5 Rec8 36. Bxc4 Kh8 37. Qd3 Rc7 38. Qe2 Rbc8 39. Bxf7 Rxf7 40. e6
Re8 41. d5 Qf6 42. Qd1 Ra7 43. d6 Rea8 44. e7 Nd7 45. Re3 Qf7 46. Rfe1 Nf6 47.
Qd4 Kh7 48. Rd3 Rd7 49. Re6 Ra5 50. Rde3 Rxf5 51. e8=Q Nxe8 52. Rxe8 Rf1+ 53.
Kh2 Qf4+ 54. Qxf4 Rxf4 55. R8e5 Rxd6 56. Rxh5+ Rh6 57. Rxh6+ Kxh6 58. Kh3 Ra4
59. Re8 Ra3+ 60. g3 Ra5 {es folgten noch einige weitere Züge} 1/2-1/2

[Event "Open SSC Rostock 07 - 2009"]
[Site "Rostock"]
[Date "2009.08.29"]
[Round "5.12"]
[White "Worm, Alfred"]
[Black "Giese, Guido"]
[Result "0-1"]
[WhiteElo "1841"]
[BlackElo "2015"]
[PlyCount "66"]
[EventDate "2009.08.27"]
[EventType "swiss"]
[EventRounds "7"]
[EventCountry "GER"]
[Source "Th. Schwetlick"]
[SourceDate "2009.08.27"]
[WhiteTeam "SSC Rostock 07"]
[BlackTeam "TSG Neuruppin"]

1. e4 c5 2. Nc3 e6 3. e5 Nc6 4. f4 d5 5. exd6 Bxd6 6. d3 Nf6 7. Ne4 Nxe4 8.
dxe4 e5 9. Bb5 Qa5+ 10. c3 Qxb5 11. Qxd6 Bg4 12. a4 Qb6 13. b4 cxb4 14. cxb4
Rd8 15. Qc5 Qxc5 16. bxc5 Rd1+ 17. Kf2 exf4 18. h3 Bh5 19. h4 Ne5 20. Rh3 f3
21. Nxf3 Nd3+ 22. Ke2 Rxc1 23. Rxc1 Nxc1+ 24. Ke3 Bxf3 25. Rh1 Bxg2 26. Rxc1
O-O 27. c6 bxc6 28. Rxc6 f5 29. Ra6 Bxe4 30. Rxa7 Ra8 31. Rxa8+ Bxa8 32. Kf4 g6
33. h5 Kg7 0-1

[Event "Open SSC Rostock 07 - 2009"]
[Site "Rostock"]
[Date "2009.08.29"]
[Round "5.13"]
[White "Jaehn, Justin"]
[Black "Jeske, Holger"]
[Result "0-1"]
[WhiteElo "1587"]
[BlackElo "1980"]
[PlyCount "104"]
[EventDate "2009.08.27"]
[EventType "swiss"]
[EventRounds "7"]
[EventCountry "GER"]
[Source "Th. Schwetlick"]
[SourceDate "2009.08.27"]
[WhiteTeam "SF Schwerin"]
[BlackTeam "SSC Rostock 07"]

1. e4 d6 2. d4 g6 3. f4 Bg7 4. Nf3 c6 5. Be2 Bg4 6. h3 Bxf3 7. Bxf3 e5 8. fxe5
Qh4+ 9. Ke2 dxe5 10. d5 cxd5 11. Qxd5 Nc6 12. Be3 Nge7 13. Qb5 O-O 14. c3 f5
15. Bf2 Qf6 16. Nd2 Rad8 17. exf5 gxf5 18. Bxc6 bxc6 19. Qc4+ Rd5 20. Nf3 Qf7
21. Qa4 c5 22. Rhd1 e4 23. Ng1 c4 24. Rxd5 Nxd5 25. Qxa7 Nf4+ 26. Kf1 Qd5 27.
Qe3 Qd3+ 28. Ne2 Bh6 29. Qg3+ Kf7 30. Qe3 Rd8 31. Re1 Kg6 32. Kg1 Nxe2+ 33.
Qxe2 Bf4 34. g4 Kf7 35. Kg2 Rg8 36. Be3 Qxe2+ 37. Rxe2 Bc7 38. Rf2 Ke6 39. g5
h6 40. h4 hxg5 41. hxg5 Bd8 42. b4 cxb3 43. axb3 Bxg5 44. Bxg5 Rxg5+ 45. Kf1
Rg3 46. Rc2 f4 47. b4 f3 48. Rc1 Ke5 49. b5 Kf4 50. b6 e3 51. b7 e2+ 52. Ke1
Ke3 0-1

[Event "Open SSC Rostock 07 - 2009"]
[Site "Rostock"]
[Date "2009.08.29"]
[Round "5.15"]
[White "Eichstaedt, Enrico"]
[Black "Luther, Alexander"]
[Result "1-0"]
[WhiteElo "1890"]
[BlackElo "1689"]
[PlyCount "107"]
[EventDate "2009.08.27"]
[EventType "swiss"]
[EventRounds "7"]
[EventCountry "GER"]
[Source "Th. Schwetlick"]
[SourceDate "2009.08.27"]
[WhiteTeam "SC Neukloster"]
[BlackTeam "SSC Rostock 07"]

1. e4 c5 2. c3 d5 3. exd5 Qxd5 4. d4 Nf6 5. Nf3 Bg4 6. Be2 e6 7. O-O Nc6 8. Be3
cxd4 9. cxd4 Be7 10. Nc3 Qd8 11. Qb3 Qc7 12. Rfd1 O-O 13. h3 Bf5 14. Rac1 Rfd8
15. d5 exd5 16. Nxd5 Nxd5 17. Rxd5 Rxd5 18. Qxd5 Be6 19. Qe4 Qa5 20. Bd3 g6 21.
Nd4 Nxd4 22. Bxd4 Rd8 23. Bc4 Bxc4 24. Rxc4 Bd6 25. Bf6 Qxa2 26. g3 Rf8 27. Bg5
Qxb2 28. Bh6 Rd8 29. Rd4 Qb6 30. Bg5 Rc8 31. Qd5 Bf8 32. Rf4 Qe6 33. Qxb7 Rc1+
34. Kg2 Qc6+ 35. Qxc6 Rxc6 36. Ra4 a6 37. Kf3 Re6 38. Rc4 a5 39. Rc8 Kg7 40.
Ra8 Bb4 41. Bd8 Re1 42. Ra7 Ra1 43. Bb6 Bc3 44. Ke4 Ra2 45. h4 a4 46. Bc5 Bb2
47. Ra8 f5+ 48. Kd5 a3 49. Ke6 Kh6 50. Ra7 Bg7 51. Be3+ g5 52. Kxf5 Re2 53.
hxg5+ Kh5 54. Rxg7 1-0

[Event "Open SSC Rostock 07 - 2009"]
[Site "Rostock"]
[Date "2009.08.29"]
[Round "5.16"]
[White "Hingst, Silke"]
[Black "Hilbert, Stephan Joerg"]
[Result "1-0"]
[WhiteElo "1878"]
[BlackElo "1591"]
[PlyCount "91"]
[EventDate "2009.08.27"]
[EventType "swiss"]
[EventRounds "7"]
[EventCountry "GER"]
[Source "Th. Schwetlick"]
[SourceDate "2009.08.27"]
[WhiteTeam "SSC Rostock 07"]
[BlackTeam "SV Wartburgstadt Eisenach"]

1. e4 c6 2. d4 d5 3. exd5 cxd5 4. Bd3 Nf6 5. Bf4 Qb6 6. Bc1 Nc6 7. c3 e5 8.
dxe5 Ng4 9. Qe2 Bc5 10. Nh3 O-O 11. O-O Ncxe5 12. Nd2 Bd7 13. a4 Qc7 14. Bc2
Nxh2 15. Bxh7+ Kxh7 16. Qh5+ Kg8 17. Ng5 Bf5 18. Qxh2 Bd6 19. g3 f6 20. Ngf3
Ng4 21. Qg2 Kf7 22. Nd4 Qd7 23. Qxd5+ Be6 24. Qh5+ g6 25. Qh7+ Ke8 26. Qxg6+
Kd8 27. Nxe6+ Qxe6 28. Qe4 Qd7 29. Nf3 Rg8 30. Bf4 Ne5 31. Rad1 Rg4 32. Qd5
Rxf4 33. Nxe5 fxe5 34. gxf4 Qg4+ 35. Qg2 Qxg2+ 36. Kxg2 Kc7 37. fxe5 Bxe5 38.
f4 Bd6 39. Rf3 Re8 40. Rd2 Rg8+ 41. Kh3 Rg1 42. f5 Rh1+ 43. Kg4 Rg1+ 44. Kh5
Rh1+ 45. Kg6 Rg1+ 46. Kf7 1-0

[Event "Open SSC Rostock 07 - 2009"]
[Site "Rostock"]
[Date "2009.08.29"]
[Round "5.17"]
[White "Bardosch, Karl Valentin"]
[Black "Wolf, Christoph"]
[Result "0-1"]
[WhiteElo "1266"]
[BlackElo "1963"]
[PlyCount "102"]
[EventDate "2009.08.27"]
[EventType "swiss"]
[EventRounds "7"]
[EventCountry "GER"]
[Source "Th. Schwetlick"]
[SourceDate "2009.08.27"]
[WhiteTeam "SSC Rostock 07"]
[BlackTeam "SC Neukloster"]

1. e4 c5 2. Nf3 Nc6 3. d4 cxd4 4. Nxd4 e5 5. Nf3 Nf6 6. Nc3 Bb4 7. Bd2 O-O 8.
Bd3 d5 9. exd5 Bxc3 10. Bxc3 Nxd5 11. Qd2 Nxc3 12. Qxc3 e4 13. Bxe4 Qe7 14. Nd2
f5 15. O-O fxe4 16. Rfe1 Bf5 17. Nxe4 Bxe4 18. Qc4+ Qf7 19. Qxf7+ Rxf7 20. Rxe4
Rd7 21. Rae1 Rad8 22. h3 Rd1 23. Rxd1 Rxd1+ 24. Kh2 Rd2 25. Rc4 Rxf2 26. Kg3
Rf8 27. Re4 Rd8 28. Re2 Kf7 29. Kg4 Re8 30. Rf2+ Ke6 31. Re2+ Kd7 32. Rxe8 Kxe8
33. c3 Ke7 34. Kf5 Kd6 35. Ke4 b5 36. b3 a6 37. g3 a5 38. g4 a4 39. bxa4 bxa4
40. h4 Ne5 41. g5 Ng6 42. h5 Ne5 43. Kf4 Kd5 44. Kf5 a3 45. Kf4 Nd3+ 46. Kf5
Nc1 47. h6 gxh6 48. gxh6 Nxa2 49. Kf6 Nc1 50. Kg7 Ke6 51. Kxh7 Kf7 0-1

[Event "Open SSC Rostock 07 - 2009"]
[Site "Rostock"]
[Date "2009.08.29"]
[Round "5.18"]
[White "Richter, Ruediger"]
[Black "Vladov, Mark"]
[Result "0-1"]
[WhiteElo "1846"]
[BlackElo "1651"]
[PlyCount "109"]
[EventDate "2009.08.27"]
[EventType "swiss"]
[EventRounds "7"]
[EventCountry "GER"]
[Source "Th. Schwetlick"]
[SourceDate "2009.08.27"]
[WhiteTeam "SVG Friedrichsort"]
[BlackTeam "SF Ostsee Warnemuende"]

1. e4 d6 2. d4 Nf6 3. Bd3 g6 4. h3 Bg7 5. c3 c5 6. Be3 Qc7 7. dxc5 dxc5 8. Nf3
O-O 9. O-O Nc6 10. Bxc5 Rd8 11. Qc2 Nh5 12. Be3 Nf4 13. Bxf4 Qxf4 14. Nbd2 Ne5
15. Nxe5 Bxe5 16. g3 Qh6 17. Nf3 Bxg3 18. fxg3 Qxh3 19. Kf2 Qe6 20. b3 b5 21.
Qe2 Qb6+ 22. Qe3 Rxd3 23. Qxb6 axb6 24. Rfc1 Bb7 25. Ne1 Rd2+ 26. Ke3 Rdxa2 27.
Rxa2 Rxa2 28. b4 Kf8 29. Nf3 Bc6 30. Rd1 f6 31. Rd8+ Be8 32. Nd4 Kf7 33. Rb8
Ra6 34. Nc2 Bd7 35. Nd4 h5 36. Rh8 Kg7 37. Rd8 Ra7 38. Rb8 e5 39. Ne2 Be6 40.
Rxb6 Bc4 41. Rd6 Ra2 42. Rd2 Ra1 43. Rc2 Kh6 44. Nc1 Kg5 45. Nd3 Kg4 46. Rf2
Bxd3 47. Kxd3 Rd1+ 48. Rd2 Rg1 49. Rf2 Rxg3+ 50. Kc2 Kg5 51. c4 bxc4 52. b5 Rb3
53. Rg2+ Kh6 54. b6 Rxb6 55. Kc3 0-1

[Event "Open SSC Rostock 07 - 2009"]
[Site "Rostock"]
[Date "2009.08.29"]
[Round "5.19"]
[White "Celmer, Ole"]
[Black "Kopischke, Maik"]
[Result "1/2-1/2"]
[WhiteElo "1543"]
[BlackElo "1899"]
[PlyCount "134"]
[EventDate "2009.08.27"]
[EventType "swiss"]
[EventRounds "7"]
[EventCountry "GER"]
[Source "Th. Schwetlick"]
[SourceDate "2009.08.27"]
[WhiteTeam "SSC Rostock 07"]
[BlackTeam "SC Zugzwang 95"]

1. e4 g6 2. d4 Bg7 3. Nf3 d6 4. h3 Nf6 5. Nc3 O-O 6. Bf4 Nbd7 7. Qd2 c6 8. Bc4
b5 9. Bd3 a5 10. O-O b4 11. Ne2 c5 12. c3 Bb7 13. Ng3 Qb6 14. Rfe1 Rfc8 15. e5
Nd5 16. Bh6 dxe5 17. dxe5 e6 18. Nh5 Bh8 19. c4 Ne7 20. Qg5 Nf5 21. Rad1 Qd8
22. Qxd8+ Rxd8 23. Bxf5 exf5 24. Ng3 Bxf3 25. gxf3 Nxe5 26. Kg2 Nxc4 27. b3
Rxd1 28. Rxd1 Ne5 29. Bf4 Nc6 30. Rc1 Bc3 31. Bd6 a4 32. Bxc5 axb3 33. axb3 Na5
34. Rb1 Rc8 35. Bd6 Rc6 36. Bf4 Bf6 37. Bd2 Bc3 38. Bf4 Kg7 39. Ne2 f6 40. h4
h6 41. Ng3 Bd4 42. Bd2 Bc3 43. Be3 Rc8 44. f4 Nc6 45. Ne2 Na5 46. Bb6 Nb7 47.
Be3 Nd6 48. f3 Nb5 49. Rd1 Rc7 50. Kf2 Kf7 51. Bb6 Rc6 52. Be3 Ke7 53. Kg3 Ke6
54. Kf2 Rd6 55. Rg1 Kf7 56. Rc1 Rd7 57. Bc5 Rd2 58. Ke3 Rb2 59. Nxc3 Nxc3 60.
Bd4 Nd5+ 61. Kd3 Nxf4+ 62. Kc4 Rd2 63. Be3 Ne2 64. Bxd2 Nxc1 65. Bxc1 g5 66.
hxg5 fxg5 67. Be3 Ke6 {weiterer Parteiverlauf nicht rekonstruierbar} 1/2-1/2

[Event "Open SSC Rostock 07 - 2009"]
[Site "Rostock"]
[Date "2009.08.29"]
[Round "5.20"]
[White "Nielsen, Jorgen Kamp"]
[Black "Schreiber, Felix"]
[Result "1-0"]
[WhiteElo "1711"]
[BlackElo "1528"]
[PlyCount "55"]
[EventDate "2009.08.27"]
[EventType "swiss"]
[EventRounds "7"]
[EventCountry "GER"]
[Source "Th. Schwetlick"]
[SourceDate "2009.08.27"]
[WhiteTeam "Skakklubben K41"]
[BlackTeam "SC Mecklenburger Springer"]

1. Nf3 c5 2. g3 Nc6 3. Bg2 d6 4. O-O g6 5. Nc3 Bg7 6. e4 Nf6 7. d3 O-O 8. Qd2
Bd7 9. b3 a6 10. Bb2 Rc8 11. Rad1 Ng4 12. h3 Nge5 13. Ne1 f5 14. f4 Nf7 15. Bc1
e6 16. exf5 exf5 17. Nd5 Be6 18. c4 Bxd5 19. Bxd5 Qc7 20. Nc2 Rfe8 21. Kh2 Re7
22. Ne3 Rce8 23. Rfe1 Nd4 24. Bb2 Nxb3 25. axb3 Bxb2 26. Bxf7+ Kxf7 27. Nd5
Rxe1 28. Rxe1 1-0